[Event "AUTO-ADV-4170"]
[Site "http://www.queenalice.com/game.php?id=1568428"]
[Date "2019.4.21"]
[Round "1"]
[White "datmyhorsie"]
[Black "Clauceri"]
[Result "0-1"]
[WhiteElo "2047"]
[BlackElo "1918"]

1. e4 c5 2. Nf3 Nc6 3. d4 cxd4 4. Nxd4 Nf6 5. Nc3 a6 6. Be3 e5 7. Nxc6 bxc6 8.
Bc4 Bb4 9. Bd2 O-O 10. Qe2 Bxc3 11. Bxc3 d5 12. Bd3 d4 13. Bb4 Re8 14. Bc4 Rb8
15. a3 a5 16. Bd2 Be6 17. Bxe6 Rxe6 18. b3 h6 19. Qf3 c5 20. Qg3 Nxe4 21. Qd3
Nxd2 22. Qxd2 Qc7 23. O-O e4 24. Rfe1 f5 0-1

[Event "AUTO-ADV-4170"]
[Site "http://www.queenalice.com/game.php?id=1568429"]
[Date "2019.4.21"]
[Round "1"]
[White "Clauceri"]
[Black "datmyhorsie"]
[Result "1-0"]
[WhiteElo "1973"]
[BlackElo "2026"]

1. c4 Nf6 2. Nc3 e5 3. g3 Bb4 4. Bg2 O-O 5. Nf3 Re8 6. O-O Nc6 7. a3 Bxc3 8.
bxc3 e4 9. Nd4 Ne5 10. d3 exd3 11. exd3 d6 12. h3 c5 13. Ne2 Rb8 14. Rb1 Qe7 15.
Nf4 Bf5 16. Re1 Qd7 17. g4 Bg6 18. Nxg6 Nxg6 19. Rxe8+ Nxe8 20. f4 b6 21. Rb2
Nc7 22. Qf3 Ne7 23. d4 cxd4 24. cxd4 d5 25. c5 Ne6 26. Be3 Qc6 27. f5 Nc7 28.
Bf4 Rd8 29. cxb6 axb6 30. Qb3 Rb8 31. a4 1-0

[Event "AUTO-ADV-4170"]
[Site "http://www.queenalice.com/game.php?id=1568430"]
[Date "2019.4.21"]
[Round "1"]
[White "datmyhorsie"]
[Black "avieytoa"]
[Result "1-0"]
[WhiteElo "2017"]
[BlackElo "1863"]

1. e4 e5 2. Nf3 Nc6 3. Bb5 d6 4. O-O Bd7 5. Nc3 Nf6 6. d4 exd4 7. Nxd4 a6 8.
Nxc6 bxc6 9. Bc4 Be7 10. Qe2 Qc8 11. e5 Ng4 12. exd6 cxd6 13. Bf4 d5 14. Rfe1
Qd8 15. Bxa6 Rb8 16. Bc7 1-0

[Event "AUTO-ADV-4170"]
[Site "http://www.queenalice.com/game.php?id=1568431"]
[Date "2019.4.21"]
[Round "1"]
[White "avieytoa"]
[Black "datmyhorsie"]
[Result "0-1"]
[WhiteElo "1796"]
[BlackElo "2065"]

1. e4 e5 2. Nf3 Nc6 3. Bc4 Nf6 4. O-O Nxe4 5. d3 Nf6 6. Ng5 d5 7. Bb3 h6 8. Nf3
Bd6 9. Nc3 e4 10. dxe4 dxe4 11. Re1 O-O 12. Nxe4 Nxe4 13. Rxe4 Bf5 14. Re1 Re8
15. Rxe8+ Qxe8 16. Be3 Na5 17. Qd5 Nxb3 18. axb3 Be4 19. Qh5 Bxc2 20. Nd4 Bg6
21. Qd5 Be4 22. Qc4 c6 23. h3 Qe5 24. f4 Qd5 25. Qxd5 Bxd5 26. Bd2 Re8 27. b4
Re4 28. Nf5 Bxf4 29. Bxf4 Rxf4 30. Ne7+ Kf8 31. Nxd5 cxd5 32. Rxa7 Rxb4 33. Ra8+
Ke7 34. Ra5 Ke6 35. Ra2 d4 36. Kf2 Ke5 37. Ke2 Ke4 38. Kd2 f5 39. Ke2 f4 40. Kd2
f3 41. gxf3+ Kxf3 42. Ra3+ Ke4 43. Kc2 g5 44. Rg3 Rc4+ 45. Kd2 b5 46. Rg4+ Kf3
47. b3 Rc3 48. Rxd4 Rxb3 49. h4 g4 0-1

[Event "AUTO-ADV-4133"]
[Site "http://www.queenalice.com/game.php?id=1568709"]
[Date "2019.4.25"]
[Round "2"]
[White "Danado"]
[Black "datmyhorsie"]
[Result "0-1"]
[WhiteElo "1703"]
[BlackElo "2082"]

1. e4 e6 2. Qf3 Nc6 3. c3 d5 4. Bb5 a6 5. Bxc6+ bxc6 6. Ne2 Qf6 7. Qxf6 Nxf6 8.
exd5 cxd5 9. d4 c5 10. f3 Bd7 11. Be3 cxd4 12. Bxd4 Be7 13. Bxf6 Bxf6 14. Nd2
Bb5 15. a4 Bc6 16. Nb3 O-O 17. Nbd4 Bb7 18. O-O e5 19. Nf5 Rad8 20. Rfd1 g6 21.
Nh6+ Kh8 22. Ng4 Bg7 23. Rd2 e4 24. fxe4 dxe4 25. Rxd8 Rxd8 26. Rf1 f5 27. Nf2
Rd2 28. Nf4 Rxb2 29. Ne6 Bxc3 30. Rd1 Rd2 31. Rb1 Bb2 32. Nd1 Bd5 33. Nc5 Bd4+
34. Kf1 Bxc5 35. Ke1 Rxg2 36. Ne3 Rg1+ 37. Nf1 f4 38. Rb8+ Kg7 39. Rd8 Bb3 40.
Rd7+ Kh6 41. Rd5 Bb4+ 0-1

[Event "Challenge"]
[Site "http://www.queenalice.com/game.php?id=1575982"]
[Date "2019.7.1"]
[Round "-"]
[White "WLAO"]
[Black "datmyhorsie"]
[Result "1-0"]
[WhiteElo "1622"]
[BlackElo "1972"]

1. b3 d5 2. Ba3 Nf6 3. g3 e5 4. Bxf8 Rxf8 5. Bg2 Nc6 6. e3 Bg4 7. Ne2 Qd7 8. O-O
Bh3 9. d3 Bxg2 10. Kxg2 d4 11. c3 dxe3 12. fxe3 h5 13. e4 O-O-O 14. b4 Qxd3 15.
Qxd3 Rxd3 16. a4 Nxe4 17. Ra2 Ne7 18. a5 Nd5 19. Rf5 Ne3+ 20. Kf3 Nxf5+ 21. Kxe4
Rd1 22. Rb2 g6 23. Kxe5 Re8+ 24. Kf6 Re1 25. Kxf7 R8xe2 26. Rxe2 Rxe2 27. Kxg6
Ne7+ 28. Kxh5 1-0

[Event "Challenge"]
[Site "http://www.queenalice.com/game.php?id=1576465"]
[Date "2019.7.5"]
[Round "-"]
[White "datmyhorsie"]
[Black "victorbush2"]
[Result "0-1"]
[WhiteElo "1915"]
[BlackElo "1967"]

1. e4 e5 2. Nf3 Nc6 3. Bb5 a6 4. Ba4 h6 5. c3 Nf6 6. d3 Be7 7. c4 O-O 8. O-O Bc5
9. h3 Ne7 10. Nxe5 c6 11. Nc3 d5 12. d4 Ba7 13. exd5 cxd5 14. c5 Bd7 15. Nxd7
Nxd7 16. Bb3 Nf6 17. Bf4 Nc6 18. Bd6 Re8 19. Qf3 Nxd4 20. Qd1 Nxb3 21. Qxb3 b6
0-1

[Event "Challenge"]
[Site "http://www.queenalice.com/game.php?id=1576715"]
[Date "2019.7.8"]
[Round "-"]
[White "datmyhorsie"]
[Black "Chphil"]
[Result "0-1"]
[WhiteElo "1858"]
[BlackElo "2073"]

1. e4 c5 2. Nf3 Nc6 3. d4 cxd4 4. Nxd4 Nf6 5. Nc3 d6 6. Bg5 e6 7. Qd2 Be7 8.
Nxc6 bxc6 9. Rd1 O-O 10. Bxf6 Bxf6 11. Qxd6 Qxd6 12. Rxd6 Rb8 0-1

[Event "Challenge"]
[Site "http://www.queenalice.com/game.php?id=1576716"]
[Date "2019.7.8"]
[Round "-"]
[White "datmyhorsie"]
[Black "ivansm"]
[Result "1-0"]
[WhiteElo "2008"]
[BlackElo "2029"]

1. e4 e5 2. Nf3 Nc6 3. Bb5 a6 4. Ba4 b5 5. Bb3 h6 6. a4 Bb7 7. axb5 axb5 8. Rxa8
Qxa8 9. Nc3 Nf6 10. Nxb5 Qa5 11. Qe2 Bd6 12. Nxd6+ cxd6 13. O-O O-O 14. d3 Qb5
15. Bc4 Qb6 16. c3 Na5 17. Ba2 Ba6 18. b4 Nc6 19. Bd2 Ne7 20. Ra1 Ng6 21. Be3
Nf4 22. Qd2 Qc6 23. Bxf4 exf4 24. Nd4 Qc8 25. Nf5 Ne8 26. Ne7+ 1-0

[Event "AUTO-MASTER-2861"]
[Site "http://www.queenalice.com/game.php?id=1577020"]
[Date "2019.7.11"]
[Round "1"]
[White "datmyhorsie"]
[Black "Pin"]
[Result "0-1"]
[WhiteElo "1928"]
[BlackElo "1995"]

1. e4 c5 2. Nf3 d6 3. d4 cxd4 4. Qxd4 Nc6 5. Bb5 Bd7 6. Qd3 Nf6 7. Nc3 g6 8. Bg5
Bg7 9. a3 O-O 10. Rd1 a6 11. Bc4 Rc8 12. O-O h6 0-1

[Event "AUTO-MASTER-2861"]
[Site "http://www.queenalice.com/game.php?id=1577021"]
[Date "2019.7.11"]
[Round "1"]
[White "Pin"]
[Black "datmyhorsie"]
[Result "1-0"]
[WhiteElo "1981"]
[BlackElo "1942"]

1. e4 e6 2. d4 d5 3. e5 c5 4. c3 Nc6 5. Nf3 Qb6 6. Be2 Bd7 7. O-O cxd4 8. cxd4
Nge7 9. Nc3 Nf5 10. Na4 Qc7 11. Bg5 Be7 12. Bxe7 1-0

[Event "AUTO-MASTER-2861"]
[Site "http://www.queenalice.com/game.php?id=1577022"]
[Date "2019.7.11"]
[Round "1"]
[White "datmyhorsie"]
[Black "pomar"]
[Result "0-1"]
[WhiteElo "2008"]
[BlackElo "2019"]

1. e4 e6 2. d4 d5 3. Nc3 c5 4. exd5 exd5 5. Bb5+ Nc6 6. Nf3 Bg4 7. Qe2+ Be7 8.
dxc5 Nf6 9. Bg5 O-O 10. O-O-O h6 11. Bxf6 Bxf6 12. Rxd5 Qa5 13. Bxc6 bxc6 0-1

[Event "AUTO-MASTER-2861"]
[Site "http://www.queenalice.com/game.php?id=1577023"]
[Date "2019.7.11"]
[Round "1"]
[White "pomar"]
[Black "datmyhorsie"]
[Result "1-0"]
[WhiteElo "2002"]
[BlackElo "2025"]

1. f3 d5 2. Kf2 e5 3. e3 Nc6 4. g3 Bc5 5. d3 Bf5 6. Bh3 Qd7 7. Kg2 Nf6 8. e4
dxe4 9. fxe4 Bxh3+ 10. Nxh3 h5 11. Qf3 h4 12. Bg5 Ng4 13. Nc3 1-0